000 00946nam a22002777a 4500
001 BR8902445
003 BR-BrBNA
005 20230928093223.0
007 ta
008 230509b bl.||||| |||| 00| 0 por d
040 _aBR-BrBNA
_bpor
_cBiblioteca Nacional de Agricultura
041 _a(Por)
072 _aH60; F70
090 _ H60 BR8902445
100 1 _aMaluf, A.M.
110 1 _aEscola Superior de Agricultura Luiz de Queiroz, Piracicaba, SP (Brasil)
_0Tese (Doutorado)
245 1 _aDinamica populacional de Amaranthus hybridus L. e Amaranthus viridis L.
246 1 _aPopulation dynamics of Amaranthus hybridus L. and Amaranthus viridis L.
260 3 _aPiracicaba, SP (Brasil):
_c1988.
300 _a179 p.
500 _aBibliography p. 159-179 (135 ref.); 30 tables; 9 illus.; Summaries (Eng, Por)
650 _aAMARANTO DE GRAO
650 _aDINAMICA POPULACIONAL
909 _a202309
_bLucia
_c55
_dLucia Elande
942 _cBK
999 _c43704
_d43704